[Event "YUG-ch U20 Girls"]
[Site "Subotica"]
[Date "2004.08.20"]
[Round "9"]
[White "Drljevic, Ljilja"]
[Black "Vujacic, Branka"]
[Result "1-0"]
[WhiteElo "2175"]
[BlackElo "1800"]
[PlyCount "67"]
[EventDate "2004.08.12"]
[EventType "tourn"]
[EventRounds "13"]
[EventCountry "YUG"]
[SourceTitle "CBM 101 Extra"]
[Source "ChessBase"]
[SourceDate "2004.09.01"]
[SourceVersion "2"]
[SourceVersionDate "2004.09.01"]
[SourceQuality "1"]

1. e4 e6 2. d3 d5 3. Qe2 Be7 4. g3 Nf6 5. Bg2 0-0 6. Nf3 b5 7. 0-0 c5 8. e5 Nfd7 9. Bf4 Nc6 10. Nbd2 a5 11. h4 Re8 12. Rfe1 Ba6 13. c3 c4 14. d4 b4 15. Ng5 Bxg5 16. Bxg5 Qc7 17. Qg4 Ne7 18. Re3 Nf5 19. Rf3 h6 20. Be3 Nxe3 21. fxe3 bxc3 22. bxc3 Nb6 23. Raf1 Rf8 24. Qh5 Bb5 25. Rf4 Be8 26. Qf3 g6 27. e4 Ra7 28. Bh3 Qe7 29. Bxe6 Qxe6 30. Rf6 Qe7 31. Rxb6 dxe4 32. Nxe4 a4 33. Rf6 Rc7 34. h5 1-0

[Event "YUG-ch U20 Girls"]
[Site "Subotica"]
[Date "2004.08.15"]
[Round "4"]
[White "Vujacic, Branka"]
[Black "Bjeloglav, Milica"]
[Result "0-1"]
[WhiteElo "1800"]
[BlackElo "2014"]
[PlyCount "78"]
[EventDate "2004.08.12"]
[EventType "tourn"]
[EventRounds "13"]
[EventCountry "YUG"]
[SourceTitle "CBM 101 Extra"]
[Source "ChessBase"]
[SourceDate "2004.09.01"]
[SourceVersion "2"]
[SourceVersionDate "2004.09.01"]
[SourceQuality "1"]

1. e4 c5 2. Nc3 Nc6 3. g3 g6 4. Bg2 Bg7 5. d3 d6 6. Be3 e6 7. Qd2 Nge7 8. Nf3 Nd4 9. 0-0 0-0 10. Nd1 b6 11. c3 Nxf3+ 12. Bxf3 Bb7 13. Bg2 d5 14. exd5 Bxd5 15. Bxd5 Qxd5 16. f4 Rfd8 17. Nf2 Nf5 18. Rfe1 Rd7 19. a4 a6 20. a5 b5 21. Rab1 Rc8 22. Qe2 b4 23. c4 Qc6 24. b3 Rcd8 25. Kf1 Nxe3+ 26. Qxe3 Bd4 27. Qe4 Qc7 28. Ra1 Bxf2 29. Kxf2 Rxd3 30. Re3 Qd6 31. Rae1 Qd4 32. Qxd4 R8xd4 33. R1e2 Kf8 34. Kf3 Ke7 35. Kf2 Rxe3 36. Kxe3 Rd1 37. Rb2 Ra1 38. Kd2 Rxa5 39. Kc2 Ra1 0-1